[Event "Madrid-ch sf"]
[Site "Madrid"]
[Date "2019.05.11"]
[Round "6"]
[White "Estevez Sacristan, Deva"]
[Black "Panduru, Eugen"]
[Result "1-0"]
[WhiteElo "1999"]
[BlackElo "1934"]
[PlyCount "75"]
[EventDate "2019.05.06"]
[EventType "swiss"]
[EventRounds "9"]
[EventCountry "ESP"]
[SourceTitle "CBM 190 Extra"]
[Source "ChessBase"]
[SourceDate "2019.07.15"]
[SourceVersion "1"]
[SourceVersionDate "2019.07.15"]
[SourceQuality "1"]

1. e4 e5 2. Nf3 Nc6 3. Bb5 Nf6 4. 0-0 Be7 5. Re1 d6 6. c3 0-0 7. d4 Bg4 8. d5 Nb8 9. Nbd2 a6 10. Ba4 Nbd7 11. Bc2 c6 12. dxc6 bxc6 13. c4 Rb8 14. Nf1 Be6 15. b3 Kh8 16. Ba3 Ne8 17. Ne3 g6 18. Nf5 gxf5 19. exf5 Qa5 20. fxe6 fxe6 21. Qd3 Rf7 22. Bc1 Nc5 23. Qe2 Ng7 24. b4 Rxb4 25. Bd2 Qa3 26. Bxb4 Qxb4 27. Rab1 Qa5 28. Rb8+ Rf8 29. Rxf8+ Bxf8 30. a4 Nf5 31. Rb1 Qc3 32. Rb8 Kg7 33. h4 Be7 34. Rc8 Qa1+ 35. Kh2 Qc1 36. Rc7 e4 37. Ng5 d5 38. Qh5 1-0

[Event "Madrid-ch sf"]
[Site "Madrid"]
[Date "2019.05.09"]
[Round "4"]
[White "Jimenez Gonzalez, Marcos"]
[Black "Panduru, Eugen"]
[Result "0-1"]
[WhiteElo "1740"]
[BlackElo "1934"]
[PlyCount "78"]
[EventDate "2019.05.06"]
[EventType "swiss"]
[EventRounds "9"]
[EventCountry "ESP"]
[SourceTitle "CBM 190 Extra"]
[Source "ChessBase"]
[SourceDate "2019.07.15"]
[SourceVersion "1"]
[SourceVersionDate "2019.07.15"]
[SourceQuality "1"]

1. d4 Nf6 2. c4 g6 3. g3 Bg7 4. Bg2 d6 5. Nc3 c6 6. Nf3 Qc7 7. 0-0 0-0 8. e4 e5 9. h3 h6 10. Be3 Be6 11. d5 cxd5 12. cxd5 Bd7 13. Qd2 Kh7 14. Rac1 Qa5 15. Rc2 b5 16. a3 Rc8 17. Rfc1 Qd8 18. b4 a5 19. Ne1 axb4 20. axb4 Na6 21. Nd3 Rc4 22. f4 exf4 23. Bxf4 Nxb4 24. Nxb4 Rxb4 25. Bxd6 Qb6+ 26. Kh2 Qxd6 27. e5 Qxe5 28. Ne2 Raa4 29. Re1 Ne4 30. Qe3 Bf5 31. Nf4 Nxg3 32. Qxg3 Qxf4 33. Qxf4 Rxf4 34. Rce2 b4 35. d6 b3 36. Bc6 Ra2 37. Kg3 Rd4 38. Be8 b2 39. Bxf7 Ra3+ 0-1